000 00752nam a2200217Ii 4500
003 JO-AjNU
008 230605s9999||||xx |||||||||||||| ||und||
020 _a1-56564-315-1
040 _aJO-AjNU
_bara
_erda
_cJO-AjNU
041 _aara
050 1 4 _aBP442.A85 2011
100 3 _aعطية، جمال الدين,
_eauthor
_952517
245 0 0 _aنحو تفعيل مقاصد الشريعة
250 _aط3
264 3 1 _aفيرجينيا: المعهد العالمي للفكر الاسلامي، 2011
300 _a277ص
_bالمراجع ص271-277
336 _atext
_btxt
_2rdacontent
337 _aunmediated
_bn
_2rdamedia
338 _avolume
_bnc
_2rdacarrier
650 4 _aمقاصد الشريعة- اصول الفقه الاسلامي
_952518
999 _aA23269
_c26837
_d26837